Fortnite skins by picture 2 - Statistics

General Stats
  • This quiz has been taken 84 times
  • The average score is 6 of 16
Answer Stats
Picture Answer % Correct
Renegade Raider
93%
Recon Expert
67%
Sparkplug
63%
Bullseye
60%
Omen
48%
Elite Agent
39%
Valor
30%
Teknique
28%
Rogue Agent
27%
Assault Trooper
24%
Rose Team Leader
24%
Jungle Scout
16%
Brawler
13%
Munitions Expert
13%
Survival Specialist
9%
Desert Dominator
4%
No matching quizzes found
Score Distribution
Percent of People with Each Score
Percentile by Number Answered
Your Score History
You have not taken this quiz